000 01021cam a22003131 4500
001 9355149
003 BD-DhUL
005 20160517191842.0
008 720418s1959 caua b 000 0 eng
010 _a 59007420
015 _aGB60-67
035 _a(OCoLC)287348
040 _aDLC
_cOClU
_dNcRS
_dOCoLC
_dRUn
_dOCoLC
_dUk
_dDLC
_dBD-DhUL
042 _apremarc
050 0 0 _aHB601
_b.A454
082 _a333
_bABA
245 0 4 _aThe Allocation of economic resources :
_bessays in honor of Bernard Francis Haley /
_cMoses Abromovitz [and others]
260 _aStanford, Calif. :
_bStanford University Press;
_c1959.
300 _a244 p. :
_billus. ;
_c25 cm.
365 _aGBP
_b3.12
490 _aStanford studies in history, economics, and political science,
_v17
504 _aIncludes bibliographical references and index.
650 0 _aIncome.
650 0 _aPrices.
650 0 _aInvestments.
700 1 _aAbramovitz, Moses
_d1912-
906 _a7
_bcbc
_coclcrpl
_du
_encip
_f19
_gy-gencatlg
942 _2ddc
_cBK
999 _c66988
_d66988